| 000 | 00595nam a2200181 i 4500 | ||
|---|---|---|---|
| 001 | 24225 | ||
| 003 | ES-MaACL | ||
| 005 | 20250918063024.0 | ||
| 007 | t| | ||
| 008 | 021216s1891 sp ||||1| spa d | ||
| 080 | _a821.134.2-31"18" | ||
| 100 | 1 |
_aLanza, Silverio, _d1856-1912 _970119 |
|
| 245 | 1 | 0 |
_aDesde la quilla hasta el tope / _cSilverio Lanza (Seud.). |
| 260 |
_aMadrid : _bJ.B.A., _c1891 ( _fImp. de Fernando Cao y Domingo de Val) |
||
| 300 |
_a247 p. ; _c17 cm. |
||
| 852 |
_aES-MaACL _jD-3238 _z.- Dedicatoria manuscrita del autor a Miguel Larra ? |
||
| 999 |
_c24225 _d24225 |
||